| 000 | 01050cam a22002891 4500 | ||
|---|---|---|---|
| 001 | 43758 | ||
| 003 | BD-RjUL | ||
| 005 | 20211209053741.0 | ||
| 008 | 160627s1948 enk 00110 eng d | ||
| 035 | _a(BD-RjUL)43876 | ||
| 035 | _a2867438 | ||
| 040 |
_aANL _beng _dABS _dANL _cBD-RjUL |
||
| 041 | _aeng | ||
| 082 | 0 |
_a338 _bCAM 1948 |
|
| 100 | 1 |
_aCarter, Charles Frederick, _d1863-1939. _9134496 |
|
| 245 | 1 | 4 |
_aThe measurement of production movements / _cby C.F. Carter, W.B. Reddaway and R. Stone. |
| 260 |
_aLondon : _bCambridge University Press, _c1948. |
||
| 300 |
_avii, 135 p. : _bill. ; _c24 cm. |
||
| 490 | 1 |
_aUniversity of Cambridge, Department of Applied Economicsmonographs ; _v1 |
|
| 500 | _aIncludes index. | ||
| 650 | 0 |
_aIndex numbers (Economics) _9134497 |
|
| 650 | 0 |
_aProduction (Economic theory) _9134498 |
|
| 700 | 1 |
_aReddaway, W. B. _q(William Brian), _d1913- _9134499 |
|
| 700 | 1 |
_aStone, Richard. _9131671 |
|
| 830 | 0 |
_aMonographs (University of Cambridge. Department of Applied Economics) _v1. _9134500 |
|
| 942 |
_2ddc _cBK |
||
| 999 |
_c43758 _d43758 |
||